000 00611nam a2200229Ia 4500
003 OSt
005 20221007081631.0
006 a|||||r|||| 00| 0
007 ta
008 221006b |||||||| |||| 00| 0 eng d
024 _a10,138
037 _cTextual
040 _aFLL
_cFLL
_beng
041 _2eng
_aeng
082 _aZOaX, P0
100 _aPosner A. Richard Au.
_9697725
245 0 _aEconomic structure of the law
260 _aNorthampton
_bEdward elgar U.S.A.
_c2000
300 _a462p
_ccm.
942 _hZOaX, P0
_cTEXL
_2CC
999 _c1163759
_d1163759